01240nam a2200289 i 4500001001000000003000900010005001700019007000300036008004100039040003000080082002000110100003500130245009400165264003700259300002500296336002700321337003400348338002800382500009700410500012800507590002700635910001400662942001300676952012300689952012100812999001700933000029547DO-SdBNP20260305073951.0ta110418s1985 dr r 000 0 spa d aDO-SdBNPbspacBNPHUerda axxxxbM938s2221 aMoya Pons, Frank,d1944-9209513aLa sociedad dominicana contemporánea :bnuevos rasgos estructurales /cFrank Moya Pons. 1aSanto Domingo :bCENAPEC,c1985. a23 páginasc22 cm. 2rdacontentatextobtxt 2rdamediaasin mediación bn 2rdacarrieravolumenbnc aAsociación de egresados de UNAPEC, Salón La Mancha, Hotel Lina, 13 de diciembre de 1984. aEl ejemplar numero 2, tiene algunas diferencias, como: color de portada, paginación y no tiene los títulos centrales.  aInventariado, 2023/ YL aYLockward 2ddccLF2 00102ddc718PDaBNPHUbBNPHUcHDd2011-04-18iLF1l0oxxxx xxxxp29547-10r2020-06-25w2020-06-25yLF2ZNo se presta 00102ddc718PDaBNPHUbBNPHUcHDd2022-09-19eUri RivasiLF1l0oxxxx xxxxp2023-5182r2023-08-03w2020-06-25yLF2 c29039d29039